Leisure studies: critical concepts in the social sciences (Record no. 5427)
[ view plain ]
| 000 -LEADER | |
|---|---|
| fixed length control field | 00733nam a2200157Ia 4500 |
| 020 ## - INTERNATIONAL STANDARD BOOK NUMBER | |
| ISBN | 0-415-41166-1(set) |
| 082 ## - DEWEY DECIMAL CLASSIFICATION NUMBER | |
| Classification number | RR 306.4812 LEI- |
| 245 #0 - TITLE STATEMENT | |
| Title | Leisure studies: critical concepts in the social sciences |
| 260 ## - PUBLICATION, DISTRIBUTION, ETC. (IMPRINT) | |
| Place of publication | London |
| Name of publisher | Routledge |
| Year of publication | 2007 |
| 440 ## - SERIES STATEMENT/ADDED ENTRY--TITLE | |
| Title | Critical concepts in the social sciences |
| 500 ## - GENERAL NOTE | |
| General note | Contents : - Vol. 1. (Evolution of leisure as a subject: landmark studies and disciplinary contributions), (xxv, 517), - v. 2.(Leisure, space and place), (x, 505), - v. 3. (Leisure, participation and society), (x, 410), - v. 4. (Managing leisure resources: policy, planning and practice), (x, 339). |
| 650 ## - SUBJECT ADDED ENTRY--TOPICAL TERM | |
| Topical Term | Leisure |
| Form subdivision | Social aspects |
| 700 ## - ADDED ENTRY--PERSONAL NAME | |
| Personal name | Page, Stephen |
| 700 ## - ADDED ENTRY--PERSONAL NAME | |
| Personal name | Connell, Joanne |
| 942 ## - ADDED ENTRY ELEMENTS (KOHA) | |
| Koha item type | Books |
| Source of classification or shelving scheme | Dewey Decimal Classification |
| Withdrawn status | Lost status | Damaged status | Not for loan | Home library | Current library | Date acquired | Source of acquisition | Serial Enumeration / chronology | Bill Date | Full call number | Accession Number | Price effective from | Koha item type |
|---|---|---|---|---|---|---|---|---|---|---|---|---|---|
| NASSDOC Library | NASSDOC Library | 02/02/2007 | BSB | V.1 | 2006-12-18 | RR 306.4812 LEI- | 43167 | 18/04/2019 | Books | ||||
| NASSDOC Library | NASSDOC Library | 02/02/2007 | BSB | V.2 | 2006-12-18 | RR 306.4812 LEI- | 43168 | 18/04/2019 | Books | ||||
| NASSDOC Library | NASSDOC Library | 02/02/2007 | BSB | V.3 | 2006-12-18 | RR 306.4812 LEI- | 43169 | 18/04/2019 | Books | ||||
| NASSDOC Library | NASSDOC Library | 02/02/2007 | BSB | V.4 | 2006-12-18 | RR 306.4812 LEI- | 43170 | 18/04/2019 | Books |
